Auditor’s Responsibility to Consider Fraud in an Audit of Financial Statements

Salvato in:
Dettagli Bibliografici
Autore principale: Kubaščíková, Zuzana, 1982-
Altri autori: Stanley, Renáta, 1981-
Natura: Capitolo di libro
Lingua:inglese
Soggetti:
Tags: Aggiungi Tag
Nessun Tag, puoi essere il primo ad aggiungerne!!

MARC

LEADER 00000nla a2200000 4500
001 0183712
005 20240502083432.2
041 0 |a eng 
044 |a CH 
245 1 0 |a Auditor’s Responsibility to Consider Fraud in an Audit of Financial Statements  |c Zuzana Kubaščíková, Renáta Stanley 
500 |a Abstrakt 
610 2 0 |a účtovníctvo 
610 2 0 |a závierka účtovná 
610 2 0 |a podvody 
610 2 0 |a revízia dokladová 
610 2 0 |a audit 
610 2 0 |a zodpovednosť pracovníka 
610 2 0 |a audítori 
100 1 |a Kubaščíková, Zuzana, 1982- 
700 1 |a Stanley, Renáta, 1981-